Города по Буквам — М - Statistics

General Stats
  • This quiz has been taken 263 times
  • The average score is 13 of 20
Answer Stats
Подсказка Город % Correct
Столица Испании с музеем Прадо Мадрид
96%
Крупнейший город Европы, сердце России Москва
95%
Белорусская столица, после Великой Отечественной войны восставшая из пепла Минск
93%
Столица мировой моды, расположенная в Северной Италии Милан
92%
Европейский город-государство с казино Монте-Карло Монако
87%
Город с футбольными клубами "Сити" и "Юнайтед" Манчестер
82%
Самый большой город в Северной Америке и в испаноязычном мире Мехико
81%
Святейший город в мусульманстве, в который совершают хадж миллионы паломников Мекка
81%
Баварский город, в котором проводится фестиваль Октоберфест Мюнхен
73%
Первая столица Австралии, вечный соперник Сиднея Мельбурн
70%
Незамерзающий порт в Баренцевом море, важнейший пункт Северного морского пути Мурманск
67%
"Китайский Лас-Вегас", переданный Португалией Китаю в 1999 году Макао
54%
Крупнейший город Квебека, главный экономический центр Канады в 1950-х годах Монреаль
54%
Город-столица Колымы; до сих пор ассоциируется у людей с тюрьмами и лагерями Магадан
53%
Бывший Бомбей, этот мегаполис расположен на острове Сальсетт Мумбаи
49%
В этой столице успели поправить испанцы, американцы и японцы Манила
43%
Город, в котором умер пророк Мухаммед, второй по святости в мусульманстве Медина
42%
Популярный туристический город в Марокко Марракеш
40%
Второе по величине город Колумбии, в котором орудовал картель Эскобара Медельин
21%
Город на Миссисипи, с которым неразрывно связана жизнь Элвиса Пресли Мемфис
18%
No matching quizzes found
Score Distribution
Percent of People with Each Score
Percentile by Number Answered
Your Score History
You have not taken this quiz